| 000 | 00797cab a2200229 4500 | ||
|---|---|---|---|
| 001 | WB3509-19 | ||
| 008 | 090401t1999 xxu||||| |||| 00| 0 eng d | ||
| 035 | _a(Sirsi) u99724 | ||
| 041 | _aeng | ||
| 245 | _aEndowment policies under scrutiny | ||
| 260 | _c1999 | ||
| 350 | _a0 | ||
| 490 |
_aFinancial Times _v2 March 1999, 20(1) |
||
| 520 | _aMortgage-linked endowment policies have come under scrutiny by the Financial Services Authority, following a steep rise in customer complaints and a downturn in the sale of such products. | ||
| 650 | _aCUSTOMER COMPLAINTS | ||
| 650 | _aENDOWMENT MORTGAGES | ||
| 650 | _aFINANCIAL SERVICES AUTHORITY | ||
| 650 | _aMORTGAGE-LINKED ENDOWMENT POLICIES | ||
| 690 | _aPROPERTY-PROPERTY FINANCE AND INVESTMENT | ||
| 942 | _n0 | ||
| 948 | _c03/03/1999 | ||
| 999 |
_c59961 _d59961 |
||